| 000 | 00386cam a2200181ua 4500 | ||
|---|---|---|---|
| 001 | 8674 | ||
| 005 | 20260515114350.0 | ||
| 008 | 150212n ii |||gr||||Z||||||eng | ||
| 040 | _cMAIN | ||
| 041 | _aeng | ||
| 082 | _a821 | ||
| 245 | _aSelect readings in english | ||
| 250 | _a6th. | ||
| 260 |
_aGuwahati: _bLBS, _c1994. |
||
| 300 | _a216p. | ||
| 653 | _aEnglish poetry | ||
| 942 | _cBK | ||
| 999 |
_c7766 _d7766 |
||